[Event "ÎÏÅÍ-ÒÓÐÍÈÐ ÏÎÑÂßÙÅÍÍÛÉ 100-ËÅÒÈÞ È.Ë.ÈÒ"]
[Site "MOSCOW, Russia"]
[Date "2011.08.19"]
[Round "4"]
[White "Kurakulov, Sergey"]
[Black "Bocharnikov, Oleg"]
[Result "0-1"]
[WhiteElo "2013"]
[BlackElo "1877"]
[PlyCount "58"]
[EventDate "2011.??.??"]

1. f4 Nf6 2. b3 d5 3. Bb2 e6 4. Nf3 c5 5. e3 Nc6 6. Ne5 Bd6 7. Be2 Bxe5 8. fxe5
Nd7 9. d4 Qg5 10. O-O Qxe3+ 11. Kh1 Nxd4 12. Bd3 Qxe5 13. Nd2 Qg5 14. Bc1 Qe7
15. c3 Nc6 16. Bb1 Nf6 17. Rf3 e5 18. Rg3 g6 19. Qf1 Nh5 20. Re3 Be6 21. Qb5 a6
22. Qb6 d4 23. cxd4 cxd4 24. Re1 Nf4 25. Nf3 Nd5 26. Qxc6+ bxc6 27. Nxe5 O-O
28. Nxc6 Qc5 29. Ne5 Qc3 0-1

[Event "ÎÏÅÍ-ÒÓÐÍÈÐ ÏÎÑÂßÙÅÍÍÛÉ 100-ËÅÒÈÞ È.Ë.ÈÒ"]
[Site "MOSCOW, Russia"]
[Date "2011.08.19"]
[Round "4"]
[White "Bobrovnitsky, Petr"]
[Black "Cherviakov, Valery"]
[Result "0-1"]
[WhiteElo "1845"]
[BlackElo "1998"]
[PlyCount "46"]
[EventDate "2011.??.??"]

1. Nf3 Nf6 2. c4 e6 3. d4 c5 4. Nc3 cxd4 5. Nxd4 a6 {Bdc4  b6} 6. e4 Qc7 7. Bg5
Be7 8. Be2 {Bb7  Qc2} h6 9. Be3 d6 10. O-O Nbd7 11. f4 h5 12. b4 {Rc8  Rac1}
Qb8 13. Nf3 b5 14. cxb5 Nxe4 15. Qd3 Nxc3 {Rxc3  Rxc3} 16. Qxc3 axb5 17. Qxg7
Bf6 18. Qg3 {Be4  Nd2  Bf5  Qf3} d5 {Nb3  Be4} 19. Qf2 Rg8 {Bf3} 20. Bd3 {
Rc1  Bc4  Bd1} h4 {Nc5  Qa8  Nxd7  Kxd7} 21. Ba7 d4 22. Bxd4 Rxg2+ 23. Qxg2
Bxd4+ 0-1

[Event "ÎÏÅÍ-ÒÓÐÍÈÐ ÏÎÑÂßÙÅÍÍÛÉ 100-ËÅÒÈÞ È.Ë.ÈÒ"]
[Site "MOSCOW, Russia"]
[Date "2011.08.19"]
[Round "4"]
[White "Bezhenar, Georgy"]
[Black "Avakian, Armen"]
[Result "0-1"]
[WhiteElo "1924"]
[BlackElo "1818"]
[PlyCount "88"]
[EventDate "2011.??.??"]

1. d4 d5 2. c4 e6 3. Nc3 c6 4. Bf4 Nf6 5. e3 Bd6 6. Bxd6 Qxd6 7. Nf3 Nbd7 8.
cxd5 exd5 9. Bd3 O-O 10. O-O Re8 11. Qc2 Nf8 12. Rab1 Ng6 13. b4 Bd7 14. b5 c5
15. dxc5 Qxc5 16. Qb3 Ne5 17. Nxe5 Rxe5 18. Qb4 Ne4 19. Nxe4 dxe4 20. Bxe4 Qxb4
21. Rxb4 Rxb5 22. Rxb5 Bxb5 23. Bxb7 Rb8 24. Rc1 Kf8 25. Rc8+ Rxc8 26. Bxc8 Ke7
27. f3 Kd6 28. Kf2 Kc5 29. Ke1 Kb4 30. Bb7 Bc4 31. Kd2 Bxa2 32. g4 a5 33. f4 a4
34. e4 f6 35. h4 h6 36. Bc8 Bb3 37. Kc1 Kc5 38. Bb7 Kd4 39. g5 hxg5 40. fxg5
fxg5 41. hxg5 Ke5 42. Kb2 Kf4 43. Kc3 Kxg5 44. Kd4 Kf6 0-1

[Event "ÎÏÅÍ-ÒÓÐÍÈÐ ÏÎÑÂßÙÅÍÍÛÉ 100-ËÅÒÈÞ È.Ë.ÈÒ"]
[Site "MOSCOW, Russia"]
[Date "2011.08.21"]
[Round "5"]
[White "Yudkevich, Mikhail"]
[Black "Spichkin, Alexander"]
[Result "1-0"]
[WhiteElo "2160"]
[BlackElo "2216"]
[PlyCount "121"]
[EventDate "2011.??.??"]

1. d4 d5 2. c4 e6 3. Nc3 c5 4. cxd5 cxd4 5. Qxd4 Nc6 6. Qd1 exd5 7. Qxd5 Bd7 8.
Nf3 Nf6 9. Qd1 Bc5 10. e3 Qe7 11. a3 O-O-O 12. Qc2 Kb8 13. Be2 g5 14. b4 Bb6
15. Na4 Bc7 16. Bb2 g4 17. Nd4 Nxd4 18. Bxd4 Rhe8 19. Qc5 Qxc5 20. Nxc5 Be5 21.
Bxe5+ Rxe5 22. Rd1 Kc7 23. Nxd7 Rxd7 24. Rxd7+ Kxd7 25. Bc4 Ke7 26. Ke2 Ne4 27.
f3 gxf3+ 28. gxf3 Nc3+ 29. Kf2 Rf5 30. Rc1 Ne4+ 31. Ke2 Nd6 32. Bd3 Rh5 33. Rh1
a5 34. Kf2 axb4 35. axb4 Rh4 36. e4 f6 37. Kg3 Rh6 38. f4 Rg6+ 39. Kf3 Rg8 40.
Rc1 Kd7 41. Bf1 Ra8 42. Bh3+ Kd8 43. e5 Ra3+ 44. Kg2 fxe5 45. fxe5 Ra2+ 46. Kg1
Ne8 47. Rd1+ Kc7 48. Rd7+ Kb6 49. Rxh7 Re2 50. Re7 Nc7 51. Bg2 Rb2 52. h4 Rxb4
53. h5 Rg4 54. Kf2 Nb5 55. Rxb7+ Kc5 56. h6 Rh4 57. h7 Nd4 58. Be4 Nc6 59. e6
Kd6 60. Bxc6 Kxe6 61. Be4 1-0

[Event "ÎÏÅÍ-ÒÓÐÍÈÐ ÏÎÑÂßÙÅÍÍÛÉ 100-ËÅÒÈÞ È.Ë.ÈÒ"]
[Site "MOSCOW, Russia"]
[Date "2011.08.21"]
[Round "5"]
[White "Gromadin, Gleb"]
[Black "Kovtunenko, Alexandr"]
[Result "1-0"]
[WhiteElo "2113"]
[BlackElo "2156"]
[PlyCount "57"]
[EventDate "2011.??.??"]

1. Nf3 Nf6 2. c4 g6 3. g3 Bg7 4. Bg2 O-O 5. O-O d6 6. Nc3 c5 7. b3 Nc6 8. Bb2
a6 9. Nd5 e5 10. d3 Nxd5 11. cxd5 Ne7 12. Nd2 b5 13. a4 Bb7 14. e4 f5 15. f4
Rc8 16. fxe5 fxe4 17. dxe4 dxe5 18. Rxf8+ Qxf8 19. Qg4 c4 20. Rf1 Nf5 21. exf5
Qc5+ 22. Kh1 Bxd5 23. f6 Bxg2+ 24. Kxg2 Qc6+ 25. Ne4 Rd8 26. Bxe5 Bh6 27. Qf3
cxb3 28. Qxb3+ Kf8 29. Qb4+ 1-0

[Event "ÎÏÅÍ-ÒÓÐÍÈÐ ÏÎÑÂßÙÅÍÍÛÉ 100-ËÅÒÈÞ È.Ë.ÈÒ"]
[Site "MOSCOW, Russia"]
[Date "2011.08.21"]
[Round "5"]
[White "Bogumil, Pavel"]
[Black "Losev, Dmitry"]
[Result "1-0"]
[WhiteElo "2270"]
[BlackElo "2317"]
[PlyCount "79"]
[EventDate "2011.??.??"]

1. e4 c5 2. Nf3 d6 3. Bb5+ Bd7 4. Bxd7+ Qxd7 5. O-O Nc6 6. c3 Nf6 7. Qe2 e6 8.
d3 Be7 9. Nbd2 O-O 10. Ne1 Ne8 11. f4 f5 12. Ndf3 Nc7 13. Nc2 d5 14. Bd2 Rad8
15. e5 b5 16. d4 c4 17. Kh1 Rb8 18. a3 a5 19. Qe1 Rb7 20. Rg1 b4 21. axb4 axb4
22. Ne3 bxc3 23. bxc3 h5 24. Ra2 Rfb8 25. h3 Rb2 26. Rxb2 Rxb2 27. g4 hxg4 28.
hxg4 fxg4 29. Qg3 Qe8 30. Qxg4 Qf7 31. f5 Kf8 32. fxe6 Nxe6 33. Rf1 Ke8 34. Bc1
Ra2 35. Nh2 Qg8 36. Nxd5 Qh7 37. Bf4 Qc2 38. Ne3 Qe4+ 39. Qf3 Qxf3+ 40. Rxf3
1-0

[Event "ÎÏÅÍ-ÒÓÐÍÈÐ ÏÎÑÂßÙÅÍÍÛÉ 100-ËÅÒÈÞ È.Ë.ÈÒ"]
[Site "MOSCOW, Russia"]
[Date "2011.08.21"]
[Round "5"]
[White "Vul, Arkadi Eremeevich"]
[Black "Pokhlebin, Sergej"]
[Result "1-0"]
[WhiteElo "2336"]
[BlackElo "2104"]
[PlyCount "41"]
[EventDate "2011.??.??"]

1. Nf3 Nf6 2. c4 c5 3. Nc3 Nc6 4. d4 cxd4 5. Nxd4 e6 6. Ndb5 d5 7. Bf4 e5 8.
cxd5 exf4 9. dxc6 bxc6 10. Qxd8+ Kxd8 11. O-O-O+ Ke7 12. Nd4 Bd7 13. e3 Ng4 14.
exf4 Nxf2 15. Re1+ Kd8 16. Rg1 Bc5 17. Nb3 Bb6 18. Na4 Ng4 19. Nbc5 Re8 20. Bc4
Ba5 21. Nb7+ 1-0

[Event "ÎÏÅÍ-ÒÓÐÍÈÐ ÏÎÑÂßÙÅÍÍÛÉ 100-ËÅÒÈÞ È.Ë.ÈÒ"]
[Site "MOSCOW, Russia"]
[Date "2011.08.21"]
[Round "5"]
[White "Kozlov, Vladimir N"]
[Black "Popov, Anton Yur"]
[Result "1-0"]
[WhiteElo "2310"]
[BlackElo "2106"]
[PlyCount "121"]
[EventDate "2011.??.??"]

1. d4 d5 2. c4 dxc4 3. Nf3 Nf6 4. e3 g6 5. Bxc4 Bg7 6. O-O O-O 7. Nc3 Nfd7 8.
e4 Nb6 9. Bb3 Bg4 10. d5 N8d7 11. h3 Bxf3 12. Qxf3 a5 13. a3 c6 14. Bf4 cxd5
15. exd5 Rc8 16. d6 Nc5 17. dxe7 Qxe7 18. Ba2 Rfd8 19. Rad1 Ne6 20. Rxd8+ Rxd8
21. Re1 Re8 22. Qe3 Bd4 23. Qd2 Qf6 24. Bh6 Qd8 25. Ne4 Na4 26. Ng5 Nac5 27. b4
axb4 28. axb4 Nxg5 29. Rxe8+ Qxe8 30. bxc5 Nxh3+ 31. gxh3 Bxc5 32. Kg2 b5 33.
Qd5 Bf8 34. Bd2 b4 35. Bb3 Qe7 36. Bxb4 Qe6 37. Bd2 Qe7 38. Bg5 Qe8 39. h4 Bg7
40. h5 gxh5 41. Qf5 h6 42. Be3 h4 43. Bc2 Qe5 44. Qxe5 Bxe5 45. Bxh6 f6 46. Bg6
Bd4 47. f3 Bc3 48. Be3 Kg7 49. Bf5 Be5 50. Bf2 Bc3 51. Bxh4 Be5 52. Kh3 Bd4 53.
Kg4 Bc3 54. Be4 Bd4 55. Kf5 Bc3 56. Bc6 Bb2 57. Bf2 Bc3 58. Ke4 Ba5 59. Bd4 Bc7
60. Kf5 Kf7 61. Bxf6 1-0

[Event "ÎÏÅÍ-ÒÓÐÍÈÐ ÏÎÑÂßÙÅÍÍÛÉ 100-ËÅÒÈÞ È.Ë.ÈÒ"]
[Site "MOSCOW, Russia"]
[Date "2011.08.21"]
[Round "5"]
[White "Grigoryeva, Olga A"]
[Black "Kondratiev, Vissarion L"]
[Result "1/2-1/2"]
[WhiteElo "2083"]
[BlackElo "2173"]
[PlyCount "57"]
[EventDate "2011.??.??"]

1. c4 c5 2. Nc3 Nc6 3. g3 e5 4. Bg2 Nf6 5. d3 d6 6. e4 h6 7. h3 Be6 8. Nge2 Be7
9. O-O O-O 10. f4 exf4 11. gxf4 Nh7 12. Nd5 f5 13. b3 Bf6 14. Nxf6+ Nxf6 15.
Ng3 Qd7 16. Kh2 Ne7 17. d4 Nxe4 18. Nxe4 fxe4 19. dxc5 dxc5 20. Qxd7 Bxd7 21.
Bxe4 Bc6 22. Bc2 Nf5 23. Bxf5 Rxf5 24. Bb2 Rd8 25. Rf2 Kf7 26. Be5 Rd3 27. Rg1
g6 28. Rg3 Rd1 29. Rg1 1/2-1/2

[Event "ÎÏÅÍ-ÒÓÐÍÈÐ ÏÎÑÂßÙÅÍÍÛÉ 100-ËÅÒÈÞ È.Ë.ÈÒ"]
[Site "MOSCOW, Russia"]
[Date "2011.08.21"]
[Round "5"]
[White "Trofimovsky, Alexander"]
[Black "Einor, Pavel"]
[Result "1/2-1/2"]
[WhiteElo "2131"]
[BlackElo "2088"]
[PlyCount "37"]
[EventDate "2011.??.??"]

1. c4 g6 2. Nf3 Bg7 3. d4 Nf6 4. g3 O-O 5. Bg2 d6 6. O-O c6 7. Nc3 Nbd7 8. Qc2
e5 9. b3 Re8 10. e4 exd4 11. Nxd4 Qb6 12. Nde2 Nc5 13. Bf4 Nfxe4 14. Nxe4 Bf5
15. Be3 Bxe4 16. Bxe4 Bxa1 17. Bxc5 Qxc5 18. Rxa1 d5 19. Bd3 1/2-1/2

[Event "ÎÏÅÍ-ÒÓÐÍÈÐ ÏÎÑÂßÙÅÍÍÛÉ 100-ËÅÒÈÞ È.Ë.ÈÒ"]
[Site "MOSCOW, Russia"]
[Date "2011.08.21"]
[Round "5"]
[White "Guseinov, Djelal"]
[Black "Martynov, Vladimir"]
[Result "0-1"]
[WhiteElo "2060"]
[BlackElo "2125"]
[PlyCount "64"]
[EventDate "2011.??.??"]

1. d4 g6 2. c4 Bg7 3. e4 d6 4. Nc3 Nf6 5. Nf3 c6 6. h3 a5 7. Bg5 h6 8. Be3 a4
9. Be2 Qa5 10. Bd2 Nbd7 11. Rb1 O-O 12. O-O Qc7 13. Be3 e5 14. d5 Re8 15. Nd2
a3 16. b4 Bf8 17. Qb3 Qd8 18. Rfd1 c5 19. bxc5 Nxc5 20. Bxc5 dxc5 21. Nb5 Bd7
22. Qf3 Nh5 23. Rb3 Ra6 24. Bf1 Rf6 25. Qe3 b6 26. g3 g5 27. Rxa3 Bxb5 28. cxb5
c4 29. Nf3 Bc5 30. Qc3 Nxg3 31. Ra7 Nxe4 32. Qxc4 Nxf2 0-1

[Event "ÎÏÅÍ-ÒÓÐÍÈÐ ÏÎÑÂßÙÅÍÍÛÉ 100-ËÅÒÈÞ È.Ë.ÈÒ"]
[Site "MOSCOW, Russia"]
[Date "2011.08.21"]
[Round "5"]
[White "Ljamin, Vladimir"]
[Black "Seleznev, Yury"]
[Result "1-0"]
[WhiteElo "2111"]
[BlackElo "2048"]
[PlyCount "77"]
[EventDate "2011.??.??"]

1. e4 c6 2. d4 d6 3. c4 g6 4. Nc3 Bg7 5. Be3 Nf6 6. Be2 h5 7. h3 Qa5 8. Qd2 a6
9. a3 b5 10. b4 Qd8 11. Nf3 bxc4 12. Bxc4 d5 13. exd5 cxd5 14. Bd3 Bb7 15. O-O
Ne4 16. Qc2 f5 17. Na4 Nd7 18. Nc5 Ndxc5 19. bxc5 Qc7 20. Rab1 O-O 21. Rb6 f4
22. Bxe4 fxe3 23. Bxg6 Rxf3 24. gxf3 exf2+ 25. Kxf2 Bxd4+ 26. Ke1 Qg3+ 27. Kd1
Qxh3 28. Bh7+ Kh8 29. Qd3 Bc8 30. Rh6 Bg7 31. Bf5+ Bxh6 32. Bxh3 Bxh3 33. Rh1
Bd7 34. Rxh5 Kg7 35. Qd4+ Kg6 36. Rxd5 Bc6 37. Qe4+ Kg7 38. Qxe7+ Kh8 39. Qf6+
1-0

[Event "ÎÏÅÍ-ÒÓÐÍÈÐ ÏÎÑÂßÙÅÍÍÛÉ 100-ËÅÒÈÞ È.Ë.ÈÒ"]
[Site "MOSCOW, Russia"]
[Date "2011.08.21"]
[Round "5"]
[White "Sarana, Alexey"]
[Black "Andreev, Petr"]
[Result "1-0"]
[WhiteElo "1921"]
[BlackElo "2036"]
[PlyCount "73"]
[EventDate "2011.??.??"]

1. e4 d6 2. d4 g6 3. Nc3 Bg7 4. Be3 c6 5. Qd2 b5 6. a3 Nd7 7. h4 h5 8. Nh3 Qa5
9. Bd3 Ngf6 10. f3 Rb8 11. O-O Qc7 12. Nf2 a6 13. f4 c5 14. e5 cxd4 15. exf6
Bxf6 16. Nd5 Qc5 17. Nxf6+ exf6 18. Rae1 dxe3 19. Rxe3+ Kf8 20. Ne4 Qd4 21. c3
Qb6 22. Kh1 d5 23. Ng3 f5 24. Rfe1 Nf6 25. Qe2 Be6 26. Qd2 Ng4 27. R3e2 Qd8 28.
Kg1 Qxh4 29. Nf1 Rd8 30. Bc2 d4 31. Rxe6 fxe6 32. Rxe6 dxc3 33. Qe2 Kg7 34. g3
Qh3 35. Bxf5 Rhe8 36. Qe5+ Kh7 37. Qc7+ 1-0

[Event "ÎÏÅÍ-ÒÓÐÍÈÐ ÏÎÑÂßÙÅÍÍÛÉ 100-ËÅÒÈÞ È.Ë.ÈÒ"]
[Site "MOSCOW, Russia"]
[Date "2011.08.21"]
[Round "5"]
[White "Bocharnikov, Oleg"]
[Black "Paster, Arkady M"]
[Result "1/2-1/2"]
[WhiteElo "1877"]
[BlackElo "2033"]
[PlyCount "102"]
[EventDate "2011.??.??"]

1. Nf3 d5 2. d4 Nf6 3. c4 c6 4. cxd5 Nxd5 5. e4 Nf6 6. Nc3 e6 7. Be2 Be7 8. O-O
O-O 9. Bg5 h6 10. Bh4 Nh7 11. Bg3 Ng5 12. Ne5 Nd7 13. d5 Nxe5 14. Bxe5 f6 15.
Bf4 Nf7 16. Qb3 e5 17. Be3 cxd5 18. Nxd5 Bd6 19. Rfd1 Be6 20. Qxb7 Rb8 21. Qxa7
Rxb2 22. Bc4 Rb8 23. Ne7+ Qxe7 24. Qxe7 Bxe7 25. Bxe6 Rfd8 26. Bd5 Ba3 27. Rd3
Bb2 28. Rad1 Rd7 29. a4 Kh8 30. a5 f5 31. f3 fxe4 32. fxe4 Bd4 33. Bxd4 exd4
34. Rxd4 Ne5 35. h3 Ra7 36. Ra4 Ra6 37. Ba2 Rba8 38. Rd5 Nc6 39. Bc4 Rxa5 40.
Raxa5 Nxa5 41. Bb5 Kg8 42. Kf2 Kf7 43. Ke3 Ke6 44. Bd7+ Ke7 45. Bf5 Nc4+ 46.
Kf4 g5+ 47. Kg3 Ra3+ 48. Kh2 Ne3 49. Rd7+ Kf6 50. Rd6+ Ke5 51. Rxh6 Nxf5
1/2-1/2

[Event "ÎÏÅÍ-ÒÓÐÍÈÐ ÏÎÑÂßÙÅÍÍÛÉ 100-ËÅÒÈÞ È.Ë.ÈÒ"]
[Site "MOSCOW, Russia"]
[Date "2011.08.21"]
[Round "5"]
[White "Cherviakov, Valery"]
[Black "Avakian, Armen"]
[Result "0-1"]
[WhiteElo "1998"]
[BlackElo "1818"]
[PlyCount "70"]
[EventDate "2011.??.??"]

1. Nf3 d5 2. g3 Nf6 3. Bg2 c6 4. b3 Bf5 5. Bb2 e6 6. O-O h6 7. d3 Nbd7 8. Nbd2
Qc7 9. c4 Be7 10. Rc1 O-O 11. Nd4 Bh7 12. cxd5 exd5 13. a3 Rfe8 14. b4 a6 15.
Qb3 Rac8 16. Bh3 Rcd8 17. Rfe1 Bf8 18. Nf1 Ne5 19. Ne3 Qb6 20. Qc3 h5 21. Qd2
c5 22. bxc5 Bxc5 23. Qc3 Bxd3 24. exd3 Bxd4 25. Qc7 Nf3+ 26. Kf1 Qxb2 27. Re2
Nxh2+ 28. Ke1 Nf3+ 29. Kf1 Qb6 30. Qf4 Bxe3 31. fxe3 Ne5 32. Bf5 g6 33. d4 Neg4
34. Rb1 Qd6 35. Qg5 Qxg3 0-1

[Event "ÎÏÅÍ-ÒÓÐÍÈÐ ÏÎÑÂßÙÅÍÍÛÉ 100-ËÅÒÈÞ È.Ë.ÈÒ"]
[Site "MOSCOW, Russia"]
[Date "2011.08.21"]
[Round "5"]
[White "Temirbieva, Liana"]
[Black "Kuptsov, Anatoly"]
[Result "0-1"]
[WhiteElo "1764"]
[BlackElo "1972"]
[PlyCount "72"]
[EventDate "2011.??.??"]

1. e4 e5 2. Nf3 d5 3. exd5 e4 4. Qe2 Nf6 5. Nc3 Be7 6. Nxe4 Nxd5 7. Qd1 O-O 8.
Be2 f5 9. Ng3 f4 10. Ne4 Bf5 11. d3 g5 12. h3 c5 13. c3 Nc6 14. Qb3 Na5 15. Qc2
Rc8 16. b3 b5 17. Bb2 h6 18. h4 g4 19. Nh2 h5 20. Qd1 Nf6 21. Ng5 Nc6 22. Qd2
Bd6 23. Rd1 Re8 24. O-O Qc7 25. Kh1 Rxe2 26. Qxe2 f3 27. Nhxf3 gxf3 28. Qxf3
Qd7 29. Rfe1 Rf8 30. d4 Bg4 31. Qd3 Bxd1 32. Qg6+ Qg7 33. Qxg7+ Kxg7 34. Ne6+
Kf7 35. Nxf8 Bg4 36. d5 Na5 0-1

[Event "ÎÏÅÍ-ÒÓÐÍÈÐ ÏÎÑÂßÙÅÍÍÛÉ 100-ËÅÒÈÞ È.Ë.ÈÒ"]
[Site "MOSCOW, Russia"]
[Date "2011.08.21"]
[Round "5"]
[White "Shirman, Mikhail"]
[Black "Leite, Ernst"]
[Result "1-0"]
[WhiteElo "1965"]
[BlackElo "1954"]
[PlyCount "79"]
[EventDate "2011.??.??"]

1. c4 Nf6 2. Nc3 d5 3. cxd5 Nxd5 4. d4 g6 5. e4 Nxc3 6. bxc3 Bg7 7. Be3 c5 8.
Bb5+ Bd7 9. Qa4 Nc6 10. Ne2 cxd4 11. cxd4 a6 12. Bxc6 Bxc6 13. Qc2 Rc8 14. Rc1
O-O 15. O-O Bb5 16. Qd2 Qd7 17. Rfd1 Rxc1 18. Nxc1 Ba4 19. Nb3 Bxb3 20. axb3
Rc8 21. h3 h5 22. Qd3 Rc6 23. e5 e6 24. f4 Qc8 25. Bd2 Bf8 26. Kh2 Rc2 27. d5
exd5 28. Qxd5 Kg7 29. Be1 g5 30. fxg5 Qf5 31. Rd3 Qf1 32. Bd2 Bc5 33. Rf3 Bg1+
34. Kg3 Bf2+ 35. Rxf2 h4+ 36. Kf3 Qd1+ 37. Ke4 f5+ 38. exf6+ Kh8 39. Qd8+ Kh7
40. Qe7+ 1-0

[Event "ÎÏÅÍ-ÒÓÐÍÈÐ ÏÎÑÂßÙÅÍÍÛÉ 100-ËÅÒÈÞ È.Ë.ÈÒ"]
[Site "MOSCOW, Russia"]
[Date "2011.08.23"]
[Round "6"]
[White "Bogumil, Pavel"]
[Black "Yudkevich, Mikhail"]
[Result "1/2-1/2"]
[WhiteElo "2270"]
[BlackElo "2160"]
[PlyCount "24"]
[EventDate "2011.??.??"]

1. e4 c5 2. Nf3 Nf6 3. e5 Nd5 4. Nc3 Nxc3 5. dxc3 Nc6 6. Bc4 e6 7. Bf4 Qc7 8.
Qd2 h6 9. h4 b6 10. O-O-O Bb7 11. Rhe1 O-O-O 12. Bg3 Ne7 1/2-1/2

[Event "ÎÏÅÍ-ÒÓÐÍÈÐ ÏÎÑÂßÙÅÍÍÛÉ 100-ËÅÒÈÞ È.Ë.ÈÒ"]
[Site "MOSCOW, Russia"]
[Date "2011.08.23"]
[Round "6"]
[White "Vul, Arkadi Eremeevich"]
[Black "Gromadin, Gleb"]
[Result "1/2-1/2"]
[WhiteElo "2336"]
[BlackElo "2113"]
[PlyCount "77"]
[EventDate "2011.??.??"]

1. Nf3 Nf6 2. c4 c5 3. Nc3 Nc6 4. d4 cxd4 5. Nxd4 e6 6. Ndb5 a6 7. Nd6+ Bxd6 8.
Qxd6 Qe7 9. Bf4 O-O 10. Qxe7 Nxe7 11. Bd6 Re8 12. e4 b6 13. e5 Nh5 14. Be2 Nf4
15. Bf3 Nc6 16. O-O-O Ra7 17. Rhe1 Bb7 18. Na4 b5 19. Bc5 Raa8 20. Nb6 bxc4 21.
Nxa8 Bxa8 22. Rxd7 Nd3+ 23. Rxd3 cxd3 24. Kd2 Rb8 25. b4 a5 26. a3 axb4 27.
axb4 Nxb4 28. Bd6 Bxf3 29. Bxb8 Be2 30. Rc1 h6 31. Bd6 Nd5 32. Rc8+ Kh7 33. Bc5
Kg6 34. Rb8 Kf5 35. Rg8 Kxe5 36. Rxg7 f5 37. Rg6 Nf4 38. Rxh6 Nxg2 39. Be3
1/2-1/2

[Event "ÎÏÅÍ-ÒÓÐÍÈÐ ÏÎÑÂßÙÅÍÍÛÉ 100-ËÅÒÈÞ È.Ë.ÈÒ"]
[Site "MOSCOW, Russia"]
[Date "2011.08.23"]
[Round "6"]
[White "Martynov, Vladimir"]
[Black "Kozlov, Vladimir N"]
[Result "0-1"]
[WhiteElo "2125"]
[BlackElo "2310"]
[PlyCount "74"]
[EventDate "2011.??.??"]

1. e4 c5 2. Nf3 Nc6 3. d4 cxd4 4. Nxd4 Nf6 5. Nc3 d6 6. g3 g6 7. Nxc6 bxc6 8.
Bg2 Bd7 9. O-O Bg7 10. Bg5 h6 11. Bf4 O-O 12. Qd2 g5 13. Be3 Ng4 14. Bd4 e5 15.
Be3 Nxe3 16. fxe3 Be6 17. Rad1 Qb6 18. b3 Rad8 19. Na4 Qc7 20. Qd3 Qc8 21. c4
f5 22. exf5 Bxf5 23. e4 Bg4 24. Rd2 Rxf1+ 25. Qxf1 Rf8 26. Rf2 Be6 27. Rxf8+
Bxf8 28. h3 Kg7 29. Kh2 h5 30. Qf2 Qb8 31. Qe2 Kh6 32. Nc3 Bf7 33. Nd1 Bg6 34.
Ne3 Kh7 35. Nf5 d5 36. g4 hxg4 37. hxg4 dxe4 0-1

[Event "ÎÏÅÍ-ÒÓÐÍÈÐ ÏÎÑÂßÙÅÍÍÛÉ 100-ËÅÒÈÞ È.Ë.ÈÒ"]
[Site "MOSCOW, Russia"]
[Date "2011.08.23"]
[Round "6"]
[White "Spichkin, Alexander"]
[Black "Ljamin, Vladimir"]
[Result "1-0"]
[WhiteElo "2216"]
[BlackElo "2111"]
[PlyCount "49"]
[EventDate "2011.??.??"]

1. d4 d5 2. Nf3 Nf6 3. Bg5 Nbd7 4. Nbd2 e6 5. e4 dxe4 6. Nxe4 Be7 7. Bxf6 Nxf6
8. Bd3 c5 9. Nxc5 Bxc5 10. dxc5 Qa5+ 11. Qd2 Qxc5 12. O-O-O Bd7 13. Rhe1 Bc6
14. Re5 Qe7 15. Nd4 Qc7 16. Nxc6 bxc6 17. Rg5 O-O 18. Rxg7+ Kxg7 19. Qg5+ Kh8
20. Qxf6+ Kg8 21. Re1 Qd8 22. Qh6 f5 23. Rxe6 Rf7 24. Rd6 Rd7 25. Qe6+ 1-0

[Event "ÎÏÅÍ-ÒÓÐÍÈÐ ÏÎÑÂßÙÅÍÍÛÉ 100-ËÅÒÈÞ È.Ë.ÈÒ"]
[Site "MOSCOW, Russia"]
[Date "2011.08.23"]
[Round "6"]
[White "Kovtunenko, Alexandr"]
[Black "Sarana, Alexey"]
[Result "1-0"]
[WhiteElo "2156"]
[BlackElo "1921"]
[PlyCount "115"]
[EventDate "2011.??.??"]

1. e4 c5 2. Nf3 Nc6 3. Bb5 g6 4. O-O Bg7 5. Re1 Nf6 6. c3 O-O 7. h3 a6 8. Bxc6
dxc6 9. d4 cxd4 10. e5 Nd5 11. Nxd4 c5 12. Nb3 b6 13. Qf3 c4 14. Nd4 Bb7 15.
Qg3 e6 16. Nd2 Qc7 17. N2f3 Ne7 18. Bf4 Rad8 19. Ng5 Bd5 20. Re3 h6 21. Ngf3
Bxf3 22. Qxf3 Rd5 23. Rae1 Nc6 24. Nxc6 Qxc6 25. h4 Rc8 26. Qg3 h5 27. Qh3 Qa4
28. g4 hxg4 29. Qxg4 Qc2 30. h5 gxh5 31. Qh4 Rd1 32. Rxd1 Qxd1+ 33. Kg2 Qg4+
34. Qxg4 hxg4 35. Re4 Rc5 36. a4 b5 37. a5 Rd5 38. Kg3 Bf8 39. Kxg4 Be7 40. Bh6
Bd6 41. f4 Rd1 42. Re2 Rg1+ 43. Kf3 Bc7 44. Bg5 Kf8 45. Bf6 Ke8 46. Rh2 Rg8 47.
Rd2 Rg1 48. Ke4 Rg4 49. Bg5 Bxa5 50. Rd6 Rg2 51. Rxa6 Bc7 52. Ra8+ Kd7 53. Rf8
Re2+ 54. Kf3 Rxb2 55. Rxf7+ Kc6 56. Re7 Rb3 57. Ke4 Rxc3 58. Rxe6+ 1-0

[Event "ÎÏÅÍ-ÒÓÐÍÈÐ ÏÎÑÂßÙÅÍÍÛÉ 100-ËÅÒÈÞ È.Ë.ÈÒ"]
[Site "MOSCOW, Russia"]
[Date "2011.08.23"]
[Round "6"]
[White "Einor, Pavel"]
[Black "Grigoryeva, Olga A"]
[Result "1/2-1/2"]
[WhiteElo "2088"]
[BlackElo "2083"]
[PlyCount "100"]
[EventDate "2011.??.??"]

1. e4 e5 2. f4 exf4 3. Nf3 h6 4. b3 d6 5. Bb2 Nf6 6. Nc3 Nc6 7. Bc4 Bg4 8. d4
Qe7 9. O-O O-O-O 10. Qd2 Bxf3 11. Rxf3 g5 12. Re1 Bg7 13. Nd5 Qf8 14. b4 Nxd5
15. exd5 Nb8 16. Ra3 Re8 17. Rxa7 Rxe1+ 18. Qxe1 Qe8 19. Qxe8+ Rxe8 20. Bd3 c6
21. dxc6 Nxc6 22. Ra8+ Kd7 23. Rxe8 Kxe8 24. c3 d5 25. Bb5 Kd7 26. a4 Kc7 27.
Kf2 Ne7 28. Be8 f6 29. Bf7 b5 30. axb5 Kb6 31. c4 f5 32. Ke2 dxc4 33. Bxc4 Nc8
34. Kd3 Nd6 35. Bc3 Nxb5 36. Be6 Nxc3 37. Kxc3 g4 38. Bxf5 g3 39. hxg3 fxg3 40.
Bg4 Bf6 41. Kc4 Be7 42. b5 Bg5 43. Be2 Bf4 44. Kd5 h5 45. Ke6 h4 46. Bf1 Bc7
47. Kd7 Bf4 48. d5 Kc5 49. Ke6 Bb8 50. b6 Bf4 1/2-1/2

[Event "ÎÏÅÍ-ÒÓÐÍÈÐ ÏÎÑÂßÙÅÍÍÛÉ 100-ËÅÒÈÞ È.Ë.ÈÒ"]
[Site "MOSCOW, Russia"]
[Date "2011.08.23"]
[Round "6"]
[White "Avakian, Armen"]
[Black "Guseinov, Djelal"]
[Result "1/2-1/2"]
[WhiteElo "1818"]
[BlackElo "2060"]
[PlyCount "71"]
[EventDate "2011.??.??"]

1. e4 e6 2. d4 d5 3. Nc3 Bb4 4. e5 c5 5. a3 Bxc3+ 6. bxc3 Ne7 7. Qg4 Qc7 8.
Qxg7 Rg8 9. Qxh7 cxd4 10. Ne2 Nbc6 11. f4 Bd7 12. Qd3 dxc3 13. Nxc3 a6 14. Rb1
Na5 15. h4 Nf5 16. Rh3 O-O-O 17. h5 Rg4 18. h6 Rh8 19. h7 Rg7 20. Rb4 Ne7 21.
Rh5 Nac6 22. Rb3 Ng6 23. Qh3 Nce7 24. Bd3 Nf8 25. Ne2 Kb8 26. Bd2 Ka8 27. Bb4
Neg6 28. Bd6 Qa5+ 29. Kf1 Qd2 30. Bb4 Qd1+ 31. Kf2 Rgxh7 32. g4 f5 33. exf6
Rxh5 34. gxh5 e5 35. Bf5 Bb5 36. Bd3 1/2-1/2

[Event "ÎÏÅÍ-ÒÓÐÍÈÐ ÏÎÑÂßÙÅÍÍÛÉ 100-ËÅÒÈÞ È.Ë.ÈÒ"]
[Site "MOSCOW, Russia"]
[Date "2011.08.23"]
[Round "6"]
[White "Popov, Anton Yur"]
[Black "Shirman, Mikhail"]
[Result "0-1"]
[WhiteElo "2106"]
[BlackElo "1965"]
[PlyCount "82"]
[EventDate "2011.??.??"]

1. e4 c5 2. Nf3 d6 3. d4 cxd4 4. Nxd4 Nf6 5. Nc3 g6 6. Be3 Nc6 7. f3 Bg7 8. Qd2
O-O 9. Bc4 Bd7 10. O-O-O Rc8 11. Bb3 Ne5 12. h4 h5 13. Bg5 a5 14. Rhe1 Kh7 15.
Nde2 b5 16. f4 a4 17. fxe5 axb3 18. exf6 exf6 19. Bf4 bxc2 20. Qxc2 b4 21. Bxd6
bxc3 22. Nxc3 Be6 23. Kb1 Re8 24. Qa4 Qb6 25. Qd4 Qa5 26. Qb4 Qa7 27. a3 Rc4
28. Qb5 Rec8 29. Rc1 Qd4 30. Bb4 Qd3+ 31. Ka1 Rxc3 32. Qxd3 Rxd3 33. Rxc8 Bxc8
34. Kb1 f5 35. e5 f4 36. Bc3 Bf5 37. Ka1 Bf8 38. a4 Rg3 39. Re2 Bc5 40. a5 Be3
41. b4 Be4 0-1

[Event "ÎÏÅÍ-ÒÓÐÍÈÐ ÏÎÑÂßÙÅÍÍÛÉ 100-ËÅÒÈÞ È.Ë.ÈÒ"]
[Site "MOSCOW, Russia"]
[Date "2011.08.23"]
[Round "6"]
[White "Pokhlebin, Sergej"]
[Black "Bocharnikov, Oleg"]
[Result "1-0"]
[WhiteElo "2104"]
[BlackElo "1877"]
[PlyCount "35"]
[EventDate "2011.??.??"]

1. e4 e5 2. Nf3 Nc6 3. d4 exd4 4. Nxd4 Nf6 5. Nxc6 bxc6 6. Bd3 d5 7. e5 Nd7 8.
O-O Nc5 9. Be2 Be7 10. b4 Ne6 11. f4 Bxb4 12. f5 Bc5+ 13. Kh1 Nd4 14. Bd3 Nxf5
15. Bxf5 O-O 16. Bd3 Qe7 17. Bf4 Qh4 18. Bg3 1-0

[Event "ÎÏÅÍ-ÒÓÐÍÈÐ ÏÎÑÂßÙÅÍÍÛÉ 100-ËÅÒÈÞ È.Ë.ÈÒ"]
[Site "MOSCOW, Russia"]
[Date "2011.08.23"]
[Round "6"]
[White "Paster, Arkady M"]
[Black "Krylov, Sergey V"]
[Result "1-0"]
[WhiteElo "2033"]
[BlackElo "1553"]
[PlyCount "55"]
[EventDate "2011.??.??"]

1. e4 c5 2. Nf3 e6 3. d4 cxd4 4. Nxd4 a6 5. Bd3 Nc6 6. c3 d5 7. Nxc6 bxc6 8.
O-O Nf6 9. e5 Nd7 10. f4 Be7 11. Nd2 O-O 12. Qh5 f5 13. Nf3 Qe8 14. Qh3 Qg6 15.
Nd4 Bb7 16. Be2 c5 17. Nb3 d4 18. Bf3 Bd5 19. cxd4 cxd4 20. Nxd4 Bc5 21. Be3
Nxe5 22. fxe5 f4 23. Bf2 Rad8 24. Bxd5 Rxd5 25. Nxe6 Bxf2+ 26. Rxf2 Rf5 27.
Nxf4 Rxf4 28. Qc8+ 1-0

[Event "ÎÏÅÍ-ÒÓÐÍÈÐ ÏÎÑÂßÙÅÍÍÛÉ 100-ËÅÒÈÞ È.Ë.ÈÒ"]
[Site "MOSCOW, Russia"]
[Date "2011.08.23"]
[Round "6"]
[White "Kuptsov, Anatoly"]
[Black "Cherviakov, Valery"]
[Result "0-1"]
[WhiteElo "1972"]
[BlackElo "1998"]
[PlyCount "81"]
[EventDate "2011.??.??"]

1. e4 c5 2. f4 d6 3. g3 Nc6 4. c3 e5 5. d3 g6 6. Bg2 Bg7 7. h3 Nge7 8. Nf3 O-O
9. O-O h6 10. Kh2 Be6 11. Be3 Rc8 12. Na3 b6 13. Qd2 Kh7 14. Qe2 f5 15. Nd2 Bh8
16. Nac4 b5 17. Na3 exf4 18. gxf4 b4 19. Nab1 bxc3 20. Nxc3 Nd4 21. Bxd4 cxd4
22. Nd5 Bxd5 23. exd5 Rc2 24. Qd1 Rxb2 25. Nc4 Rb5 26. Qa4 Rb7 27. Rab1 Rc7 28.
Rfc1 Nc8 29. Qa6 Qh4 30. Rf1 g5 31. Rb7 Rxb7 32. Qxb7+ Bg7 33. Qd7 gxf4 34. Nd2
Qe7 35. Qe6 Qxe6 36. dxe6 Re8 37. Re1 Be5 38. Bd5 Ne7 39. Bb3 f3+ 40. Kg1 Rg8+
41. Kf1 0-1